000 00405nam a22001697a 4500
003 MPLRDC
005 20220104114423.0
008 210129b ||||| |||| 00| 0 eng d
082 _a857.63 CKL v.5 c.2
100 _a岑凯伦
245 _a八月樱桃
_c
250 _a再版
260 _a
_b环球出版社
_c1981
300 _b
650 _a短篇小说--别集
942 _cBK
_o857.63 CKL v.5 c.2
999 _c7328
_d7318